000 00585nam a2200181 ar4500
001 5666
005 20221127091200.0
008 301022s ||| 00010|eng d
020 _a9781138958197 (pbk)
_zSR128
082 0 4 _a720.1 C157 2017
100 1 _aCallender, Jassen
245 1 0 _aArchitecture history and theory in reverse : from an information age to eras of meaning /
_cJassen Callender
250 _a1st.ed.
260 _aNew York,
_bRoutledge,
_c2017
300 _a261 p.
_bill.col.
_c23 cm.
500 _aIncludes bib.references and index
650 4 _aArchitecture--Philosophy
999 _c5663
_d5663